Digital Signal Processing (Record no. 18800)
[ view plain ]
| 000 -LEADER | |
|---|---|
| fixed length control field | 00353nam a2200145Ia 4500 |
| 008 - FIXED-LENGTH DATA ELEMENTS--GENERAL INFORMATION | |
| fixed length control field | 221030s9999 xx 000 0 und d |
| 020 ## - INTERNATIONAL STANDARD BOOK NUMBER | |
| ISBN | 9780070667563 |
| 041 ## - LANGUAGE CODE | |
| Language code of text/sound track or separate title | |
| 100 ## - MAIN ENTRY--AUTHOR NAME | |
| Personal name | S. K. Mitra |
| 245 #0 - TITLE STATEMENT | |
| Title | Digital Signal Processing |
| Statement of responsibility, etc | by S. K. Mitra |
| 260 ## - PUBLICATION, DISTRIBUTION, ETC. (IMPRINT) | |
| Name of publisher | TMH |
| Place of publication | New Delhi |
| Year of publication | 2009 |
| 300 ## - PHYSICAL DESCRIPTION | |
| Number of Pages | 916 |
| 650 ## - SUBJECT ADDED ENTRY--TOPICAL TERM | |
| Topical Term | BB Computer |
| 942 ## - ADDED ENTRY ELEMENTS (KOHA) | |
| Koha item type | Books |
| Accession Number | Price effective from | Koha item type | Withdrawn / writtenoff status | Materials specified (bound volume or other part) | Damaged status | Not for loan | Permanent Location | Current Location | Shelving location | Date acquired | Lost/ Missing status | department |
|---|---|---|---|---|---|---|---|---|---|---|---|---|
| BB 1037 | 10/30/2022 | Books | MIET Library, Jammu | MIET Library, Jammu | BL-, FL-, CUP-73, SH-3, R-3 | 03/16/2022 | BB | |||||
| BB 1038 | 10/30/2022 | Books | MIET Library, Jammu | MIET Library, Jammu | BL-, FL-, CUP-73, SH-3, R-3 | 03/16/2022 | BB | |||||
| BB 1039 | 10/30/2022 | Books | MIET Library, Jammu | MIET Library, Jammu | BL-, FL-, CUP-73, SH-3, R-3 | 03/16/2022 | BB |